000 00386nam a2200133Ia 4500
001 4119
008 241024s9999 xx 000 0 und d
082 _aRD/324/C748p
100 _aConferenica del Episcopado Dominicano, CED
245 0 _aPróxima elecciones y otras urgencias. Mensaje 27 febrero 2016
260 _bSanto Domingo
_c2016
901 _a1/8/2016 11:40:22 a.m.
999 _c9772
_d9772